| 000 | 02256nam0a2200433 4500 | ||
|---|---|---|---|
| 001 | RU\NLR\bibl\1142081 | ||
| 005 | 20260405101153.0 | ||
| 010 |
_a978-5-699-19335-6 _93000 |
||
| 021 |
_aRU _b2007-60722 _93244 |
||
| 035 | _a(nilc)EL/0000140360 | ||
| 035 | _a(NLR Aleph) 001128934 | ||
| 090 |
_a1345487 _c1345487 |
||
| 100 | _a20070829d2007 |||y0rusy50 ca | ||
| 101 | 0 | _arus | |
| 102 | _aRU | ||
| 105 | _ay ||||||||| | ||
| 200 | 1 |
_aКомментарий к Земельному кодексу Российской Федерации _fМ.В. Поминов, Н.Н. Ковалев, С.Д. Олейник _gпод ред. д.э.н., проф. А.А. Варламова |
|
| 210 |
_aМосква _cЭксмо _d2007 |
||
| 215 |
_a607 с. _d25 |
||
| 225 | 1 | _aКомментарии к Российскому законодательству | |
| 320 | _aБиблиогр. в подстроч. примеч. | ||
| 604 |
_171001$aРоссийская Федерация _150011$aЗемельный кодекс$jКомментарии$2nlr_sh2$3RU\NLR\AUTH\661315814 _3RU\NLR\AUTH\661315814 _aРоссийская Федерация _tЗемельный кодекс _jКомментарии _92188711 |
||
| 604 |
_171001$aРоссийская Федерация. Законы _150011$aЗемельный кодекс Российской Федерации$2psbo _aРоссийская Федерация. Законы _tЗемельный кодекс Российской Федерации |
||
| 610 | 1 | _aПраво земельное | |
| 610 | 1 | _aПраво на землю | |
| 610 | 1 | _aФонд земельный | |
| 610 | 1 | _aКодекс земельный | |
| 686 |
_a67.625-3-4 _vLBC/RL _2rubbk |
||
| 686 | _aХ625-324.9(2Р) | ||
| 700 | 1 |
_aПоминов _bМ. В. _gМаксим Владимирович _4070 |
|
| 701 | 1 |
_4070 _7ca _8rus _aКовалев _bН. Н. _cюрист _gНиколай Николаевич _920159 _3RU\NLR\AUTH\7737170 |
|
| 701 | 1 |
_aОлейник _bС. Д. _gСергей Давидович _4070 |
|
| 801 | 0 |
_aRU _bОмская ГОНБ _c20070829 _grcr |
|
| 801 | 1 |
_aRU _bОмская ГОНБ _c20070829 |
|
| 801 | 2 |
_aRU _bNLR _c20071017 _grcr |
|
| 942 | _cBOOK | ||
| 980 | _aNB | ||